000
00278nam a22001217a 4500
008
171127b xxu||||| |||| 00| 0 eng d
041
_a
eng
080
_a
7
100
_a
44
101
_a
art
245
_a
BOUHAUSKUNSTLERIN UND BIBLIOTHEKARIN
_c
LEITERITZ, M.C
942
_2
udc
_c
BK
999
_c
38594
_d
38594